书目信息 |
| 题名: |
名表
|
|
| 作者: | 吴文鸢 编著 | |
| 分册: | ||
| 出版信息: | 北京 昆仑出版社 2001 |
|
| 页数: | 157页 | |
| 开本: | 21cm | |
| 丛书名: | 时尚品位丛书 | |
| 单 册: | ||
| 中图分类: | TH714.52 | |
| 科图分类: | ||
| 主题词: | 手表--简介--世界 | |
| 电子资源: | ||
| ISBN: | 7-80040-569-9 | |
| 000 | 00830oam2 2200253 45 | |
| 001 | 012001068900 | |
| 005 | 20050308110842.0 | |
| 010 | @a7-80040-569-9@dCNY36.00 | |
| 100 | @a20010829d2001 em y0chiy0120 ea | |
| 101 | 0 | @achi |
| 102 | @aCN@b110000 | |
| 105 | @aa z 000yd | |
| 200 | 1 | @a名表@Aming biao@e金色的秘密@EJin Se De Mi Mi@f吴文鸢编著@FWu Wen Yuan Bian Zhu |
| 210 | @a北京@c昆仑出版社@d2001 | |
| 215 | @a157页@c照片@d21cm | |
| 225 | 2 | @a时尚品位丛书 |
| 330 | @a本书用150幅精美图片展示20余个顶级名牌的成功故事,对120款名表进行了简介和权威评价,介绍了这些世界名表的发展历史和文化。 | |
| 410 | @12001 @a时尚品位丛书 | |
| 517 | @a金色的秘密@AJin Se De Mi Mi | |
| 606 | 0 | @a手表@x简介@y世界 |
| 690 | @aTH714.52@v4 | |
| 701 | 0 | @a吴文鸢@4编著 |
| 801 | 0 | @aCN@bNLC@c20010831 |
| 905 | @b344056-060@dTH714.52@e27@f5 | |
| 名表:金色的秘密/吴文鸢编著.-北京:昆仑出版社,2001 |
| 157页:照片;21cm.-(时尚品位丛书) |
| ISBN 7-80040-569-9:CNY36.00 |
| 本书用150幅精美图片展示20余个顶级名牌的成功故事,对120款名表进行了简介和权威评价,介绍了这些世界名表的发展历史和文化。 |
| ● |
| 相关链接 |
|
|
|
|
正题名:名表
索取号:TH714.52/27
 
预约/预借
| 序号 | 登录号 | 条形码 | 馆藏地/架位号 | 状态 | 备注 |
| 1 | 0344056 | 203440561 | 第二样本阅览室/ [索取号:TH714.52/27] | 在馆 | |
| 2 | 0344057 | 203440570 | 第三借阅区/ [索取号:TH714.52/27] | 在馆 | |
| 3 | 0344058 | 203440589 | 第三借阅区/ [索取号:TH714.52/27] | 在馆 | |
| 4 | 0344059 | 203440598 | 第三借阅区/ [索取号:TH714.52/27] | 在馆 | |
| 5 | 0344060 | 203440605 | 第三借阅区/ [索取号:TH714.52/27] | 在馆 |